MDQL
is popping MORE tags! Check the
thread
!
Quizzes
Events
Quiz Creation
Community
Videos
Private Events
Remove Ads
Sign In
Join for FREE
Feedback
Dark Mode
Quiz Categories
Sports
Geography
Music
Movies
Television
Just For Fun
Miscellaneous
History
Literature
Language
Science
Gaming
Entertainment
Religion
Holiday
For Kids
Quiz Lab
Recent
Popular Today
Quiz Kudos Today
Editor Picks
Curator Picks
Quizzes by...
Day
Popularity
Type
Ratings
Length
Year
Community
Subscriptions
Recent Discussions
Orange Saloon
Badges
Playlists
Quests
Create
Leaderboards
Showdown
Live 5
Trivia Bingo
Activity
Puzzle Library
Sporcle Events
Private Events
Virtual Trivia
Globe League
Become a Host
Pub Owners
SporcleCon
Opinionation
Our Games
Videos
Blog
Mobile Apps
Partnerships
Remove Ads and Go Orange
Feedback
Movies
Disney
Marvel Cinematic Universe
Movie Resume
Movie Titles
Oscar
Actor
Actress
Director
Pixar
Role
Movie Quotes
Movie Characters
Box Office
Nominee
Best Picture
Star Wars
James Bond
Horror Movies
Movies
Disney
Marvel Cinematic Universe
Movie Resume
Movie Titles
Oscar
Actor
Actress
Director
Pixar
Role
Movie Quotes
Movie Characters
Box Office
Nominee
Best Picture
Star Wars
James Bond
Horror Movies
Random Quiz
Search Sporcle
×
Quiz Lab
Quiz Lab
Movies
Actor
Type in answers that appear in a list
Type in answers that appear in a list
Classic
Best Score? Go Orange.
Movie Sons & Fathers Stats
Can you name the movies from these actors who played son and father?
By
dmartschenko
8m
20 Questions
530 Plays
530 Plays
530 Plays
Comments
Comments
Give Quiz Kudos
Give Quiz Kudos
-
- Ratings
hide this ad
More Info
Replay
Link that replays current quiz
Next Quiz
Link to next quiz in quiz playlist
You Got
0%
They Got
Avg Score
37%
Avg Friend Score
Upgrade to see
Score Distribution
Jump to the score distribution portion of the page
Score
0/20
Timer
08:00
0
Plays Today
Actors Playing Son & Father
Movie
% Correct
Mark Hamill & James Earl Jones
Star Wars
93.2%
Jaden Smith & Will Smith
The Pursuit of Happyness
75.5%
Michael J. Fox & Crispin Glover
Back to the Future
75.1%
Harrison Ford & Sean Connery
Indiana Jones and the Last Crusade
67%
Jonathan Taylor Thomas & James Earl Jones
The Lion King
58.5%
Nancy Cartwright & Dan Castellaneta
The Simpsons Movie
49.6%
Haley Joel Osment & Tom Hanks
Forrest Gump
42.8%
Zachary Quinto & Ben Cross
Star Trek
37.9%
Eric Lloyd & Tim Allen
The Santa Clause
35.1%
Joaquin Phoenix & Richard Harris
Gladiator
33.4%
Actors Playing Son & Father
Movie
% Correct
Jeff Goldblum & Judd Hirsch
Independence Day
31.9%
Rory Culkin & Mel Gibson
Signs
27.4%
Spencer Fox & Craig T. Nelson
The Incredibles
20.4%
Dennis Quaid & Brian Cox
The Rookie
19.4%
Kevin Costner & Dwier Brown
Field of Dreams
18.7%
Alexander Gould & Albert Brooks
Finding Nemo
18.1%
Jack Black & Robert De Niro
Shark Tale
14.9%
Elijah Wood & Hugh Jackman
Happy Feet
10.8%
Chris Sarandon & Willoughby Gray
The Princess Bride
6.8%
Trevor Morgan & William H. Macy
Jurassic Park III
6.4%
Quiz Playlist
Details
Report
Send in Message
Add To Playlist
More Info:
You might also like "Movie Daughters & Mothers" and "Sitcom Husbands & Wives"!
Classic:
Type in answers that appear in a list
Last Updated: Feb 16, 2017
Quiz Scoreboard
CHALLENGE
Sign Up to Join the Scoreboard
Show All
Scores
Hide
Comments
May contain spoilers
Recently Published
1-10 Letter E Words III
by El_Dandy
Language
2m
Street Fighter Characters
by Artimus82
Gaming
60s
College Basketball Coaching Resumes
by pancakes188
Sports
9m
More to Explore
Quiz From the Vault
Featured Blog Post
Where Did the Easter Bunny Come From?
hide this ad
You Might Also Like...
Tags
Actor Quiz
Father
son
Today's Top Quizzes in Movies
Browse Movies
hide this ad
Today's Top Quizzes in Actor
Browse Actor
Top Contributed Quizzes in Movies
1
Pick 5 Posters: Directed by Spielberg
2
7-to-1: Pixar Characters
3
Hidden Star Wars Character II
4
Pick 5 Posters: Lowest-Rated Spielberg
5
Hidden Star Wars Character III
6
Sorting Actors
7
Sorting Actresses
8
Hidden Star Wars Character IV
9
Pick 5 Posters: Directed by Scorsese
10
Hidden Star Wars Character V
Explore More
Trending Topics
Marvel
Harry Potter
Disney
Anime
Kpop
NBA
Crossword
Pokémon
Puzzle
Song
WWE
NFL
The Office
Country
Soccer
hide this ad
More By:
dmartschenko
Quiz
Plays
Rating
Category
Featured
Created
Sitcom Husbands & Wives
180,271
4.47
Television
Oct 15, 2009
Popular Bible Words
137,899
4.29
Religion
Nov 10, 2009
LOST Numbers
128,434
3.89
Television
Jan 23, 2010
Sitcom Husbands & Wives II
17,045
4.02
Television
Oct 19, 2009
Know Your Division Tables?
9,119
3.64
Science
Mar 24, 2010
Go to Creator's Profile
Score Distribution
Quiz Creator Spotlight
dmartschenko
Follow
Send a Message
Quizzes Created
-
Created Quiz Play Count
-
More By This Creator
Popular Quizzes Today
1
Find the US States - No Outlines Minefield
2
Find the Countries of Europe - No Outlines Minefield
3
The Countries of the World
4
Find the US States
5
Risky Map Clicking: Biggest States A-Z
6
US States
7
Popular People in 1961
8
Movies - When Are They Set?
More Movies Quizzes
Fantastic Beasts 2 Character Click
Quiz Lab
Trending Quizzes
Risky Map Clicking: Least Populous States A-Z
Billboard Blitz: Aretha Franklin
Famous Russians: Author or Composer?
1-10 Letter G Words
Countries of the World: 200 Million BC
Recently Updated
Leaping Animals
pecheneg
Reality TV Shows (A-Z)
bhenderson79
Rickey Henderson's Hall of Fame Teammates
pecheneg
Champions League XIs: Arsenal
pecheneg
Quick Pick: Celebrities in WWE's Hall of Fame
aduchscher
A-Z Keypad Blitz II
pecheneg
Multiple Oscar Actors
pecheneg
Mystery Phrase Blitz: Oscar 'Best Actors'
pecheneg
F. Scott Fitzgerald Novels
LTH
Pick 3 Villains
ddd62291
Trending Topics
Crossword
NBA
Kpop
Anime
Harry Potter
Disney
Marvel
Puzzle
Pokémon
NFL
The Office
Soccer
Song
WWE
Country
Your Account Isn't Verified!
In order to create a playlist on Sporcle, you need to verify the email address you used during registration. Go to your
Sporcle Settings
to finish the process.
Report this User
Report this user for behavior that violates our
Community Guidelines
.
Details:
Send Report
Go to the Sporcle.com Mobile Site →
Comments